000 00790nam a22003017a 4500
001 BR0503157
003 BR-BrBNA
005 20230928101920.0
007 ta
008 230509b bl.||||| |||| 00| 0 por d
040 _aBR-BrBNA
_bpor
_cBiblioteca Nacional de Agricultura
041 _a(Por)
072 _aD50
090 _ D50 BR0503157
110 1 _aConselho Federal de Engenharia, Arquitetura e Agronomia, Brasília, DF (Brasil)
_92633
245 1 _aLeis - decretos e resoluções
260 3 _aBrasília, DF (Brasil):
_c1986.
300 _avp.
650 _aAGRONOMIA
650 _aARQUITETURA
650 _aENGENHARIA
650 _aGEOLOGIA
650 _aMETEOROLOGIA
650 _aLEI
650 _aDECRETO
909 _a202309
_bLucia
_c55
_dLucia Elande
942 _cBK
999 _c68206
_d68206